| 000 | 00686nam a22002172 4500 | ||
|---|---|---|---|
| 001 | 0000005172 | ||
| 005 | 20151217151954.0 | ||
| 008 | 070607s xx 000 0 eng d | ||
| 020 |
_a8185336334 : _cKES 400 |
||
| 040 |
_aKABU _cKABU |
||
| 050 | 0 |
_aTK5105.5 _b.F74 1990 |
|
| 100 | 1 |
_aFreer, John. _@0000156319 |
|
| 245 | 1 | 0 |
_aComputer communications and networks / _cJohn R. Freer. |
| 260 |
_aNew Delhi : _bAffiliated East-West Press, _c1990. |
||
| 300 |
_a432 p. ; _c24 cm. |
||
| 650 | 0 |
_aComputer networks. _@0000148214 |
|
| 650 | 0 |
_aInternetworking (Telecommunication) _@0000156315 |
|
| 908 | _a070607 | ||
| 950 | _@1 | ||
| 999 |
_c6887 _d6887 |
||